Gaming Quiz

Random Gaming Quiz

Mother 3 Characters Quiz Stats

 Plays Quiz not verified by Sporcle

Challenge
Share
Tweet
Embed
Score 0/24 Timer 10:00
1 Play Today
Hint Character % Correct
The heroLucas
99.3%
The hero's brotherClaus
98.2%
The commander of the armyThe Masked Man
97.9%
The hero's dadFlint
96.5%
The hero's dogBoney
96.1%
Local thiefDuster
95.1%
Tomboyish PrincessKumatora
95.1%
The hero's momHinawa
90.5%
...That is lead by Porky
89.8%
A monkey!Salsa
88%
Local thief's dadWess
85.9%
The army who transforms TazmilyPigmask Army
83.7%
Hint Character % Correct
Who is abused by...Fassad
82.3%
The hero's grandfatherAlec
78.1%
Local Map-OwnerMapson
72.1%
The dad's best friend's sonFuel
70.3%
The dad's best friendLighter
69.3%
Club Titiboo BandDCMC
66.4%
Tomboyish Princess' DiguiseViolet
62.2%
The overreacting bazaar ownerThomas
58%
...who was raised byThe Magypsies
53.7%
Local nurseTessie
39.9%
Local GravediggerNippolyte
37.8%
The overreacting bazaar owner's wifeLisa
17.7%

You're not logged in!

Compare scores with friends on all Sporcle quizzes.
OR
Log In

You Might Also Like...

Show Comments

Extras

Created Sep 13, 2014ReportNominate
Tags:earthbound, Mother 3

Top Quizzes Today


Score Distribution

Your Account Isn't Verified!

In order to create a playlist on Sporcle, you need to verify the email address you used during registration. Go to your Sporcle Settings to finish the process.

Report this User

Report this user for behavior that violates our Community Guidelines.

Details: